000 00222 a2200097 4500
001 41969
100 _aCase, R M
245 _aThe World Beneath the Wave
260 _a
_bGeorge Allen & Unwin Ltd
_c
090 _c26029
_d26029
942 _aNUST-CAE
_cM
_c17813
999 _c277042
_d277042